header

CityEvents (Record no. 171082)

MARC details
000 -LEADER
fixed length control field 01148nam a2200301 a 4500
100 1# - MAIN ENTRY--AUTHOR NAME
Personal name Rennen, Ward.
245 10 - TITLE STATEMENT
Title CityEvents
260 ## - PUBLICATION, DISTRIBUTION, ETC. (IMPRINT)
Place of publication Amsterdam :
Name of publisher Vossiuspers UvA :
-- Amsterdam University Press,
Year of publication c2007.
300 ## - PHYSICAL DESCRIPTION
Number of Pages 275 p. :
Other physical details ill.
650 #0 - SUBJECT ADDED ENTRY--TOPICAL TERM
Topical Term City promotion
Topical Term Sports
856 40 - ELECTRONIC LOCATION AND ACCESS
Uniform Resource Identifier http://site.ebrary.com/lib/rucke/Doc?id=10302411

No items available.

© 2026 Rongo University
Contact us: librarian | system librarian | Rongo university